| 000 | 00601nam a22002177a 4500 | ||
|---|---|---|---|
| 003 | OSt | ||
| 005 | 20220107122739.0 | ||
| 008 | 140103b xxu||||| |||| 00| 0 eng d | ||
| 020 | _a9788132106487 | ||
| 040 | _cIIITM-K | ||
| 082 | _a001.42 KUM/R;1 | ||
| 100 |
_aKumar, Ranjit _92736 |
||
| 245 |
_aResearch methodology: _bA step-by-step guide for beginners _cby Ranjit Kumar |
||
| 250 | _a3rd ed. | ||
| 260 |
_aNew Delhi, _bSage, _c2011. |
||
| 300 | _axxi, 415p. | ||
| 650 |
_aSOCIAL SCIENCES _92737 |
||
| 650 |
_aRESEARCH METHODOLOGY _94367 |
||
| 650 |
_aRESEARCH DESIGN _92738 |
||
| 942 |
_2ddc _cBK |
||
| 999 |
_c3914 _d3914 |
||